Datum a čas kvízu
31
Celkem bodů
Celkový počet nahraných bodů na tomto kvízu bez doplňovacích otázek.
5.
Pořadí na kvízu
Konečné umístění týmu na tomto kvízu.
Zaznamenané odpovědi
| # | Otázka | Odpověď | Body | Výsledky |
|---|---|---|---|---|
| 1. | Jak se jmenovala žena, jejíž s... | Olga Kočková | 0 | |
| 2. | Bývalý předseda vlády jedné ev... | Rakousko, Sebastian Kurz | 1 | |
| 3. | Brněnská zoo má první letošní... | vlk (hřivnatý) | 1 | |
| 4. | V sobotu nastal tzv. mikroúpln... | sněžný | 0 | |
| 5. | 34letý trojnásobný mistr světa... | Peter Sagan | 1 | |
| 6. | Součástí televizního programu... | Hodina pravdy | 0 | |
| 7. | Milovníkům AZ-kvízu či zábavný... | pěstební dělnice | 0 | |
| 8. | Napište název televizní soutěž... | Kufr | 0 | |
| 9. | V dnešní době je velmi populár... | čtyřikrát | 0 | |
| 10. | Kdo z uvedených nikdy nemodero... | D | 1 |